1847 1437 1429 1606 1566 1782 1354 1737 1470 1037 1399 1439 1754 1613 1457 1667 1553 1859 1911 1752 1506 1018 1922 1058 1463 1782 1485 1350 1100 1475 1417 1862 1247 1953 1184 1635 1237 1550 1408 1552 1705 1733 1554 1429 1045 1213 1046 1434 1795 1451 1090 1670 1739 1488 1829 1018 1373 1723 1834 1583 1055 1342 1871 1395 1162 1645 1932 1582 1534 1818 1109 1896 1588 1411 1769 1301 1789 1926 1419 1325 1166 1836 1284 1769 1487 1180 1423 1080 1694 1432 1484 1286 1376 1933 1532 1378 1227 1796 1630 BCNSPRNW ULIB Ver.6.0+V

เปลี่ยนเป็นภาษาไทย

Change to English
 แสดงรายละเอียดบรรณานุกรม
  กลับหน้าหลัก

Brief Record : Get Marc (ISO 2709) : E-mail record : QR code < ปิดหน้าต่าง
LEADER : 00000nam 2200000uu 4500
001    13399110100
003     ULIB
008    110421s2544||||th 000 0 tha d
020    9748853535
060 04 WI605^bป476ร 2544
100 0  ปริญญา ทวีชัยการ
245 10 ริดสีดวงทวารหนัก =^bHemorrhoid /^cจัดทำโดย ปริญญา ทวีชัยการ
246 31 Hemorrhoid
250    พิมพ์ครั้งที่ 1
260    กรุงเทพฯ :^bหน่วยศัลยกรรมศาสตร์ลำไส้ใหญ่และทวารหนักกองศัลยกรรม โรงพยาบาลพระมงกุฎเกล้า,^c2544
300    128 หน้า :^bภาพประกอบสี ;^c19 ซม.
440  0 เอกสารเผยแพร่ความรู้ด้านวิชาการของชมรมศัลยแพทย์ลำไส้ใหญ่และทวารหนัก (ประเทศไทย) ;^vชุดที่ 1
650  2 Hemorrhoids
650  7 ริดสีดวงทวารหนัก
710  2 โรงพยาบาลพระมงกุฎเกล้า. ^bกองศัลยกรรม.^bหน่วยศัลยศาสตร์ลำไส้ใหญ่และทวารหนัก
945    ^p250^l0^i018956
945    ^p250^l0^i018955
945    ^p250^l0^i018810
945    ^p250^l0^i015871
995    ทศพร
999 ^a ใช้งานได้ทุกระบบ
รายการนี้ยังไม่มีแท็ก
คุณยังไม่ได้ล็อกอิน คุณสามารถมีกิจกรรมร่วมกับเว็บไซต์ได้ แต่ต้องล็อกอินก่อน ::
  ล็อกอิน

รายการสื่อสารสนเทศ

ลำดับที่ ประเภท เลขเรียก/บาร์โค้ด สถานที่ สถานะ
- ไม่พบข้อมูล -

รายการใกล้เคียง
    ผู้แต่ง [ปริญญา ทวีชัยการ]

    หัวเรื่อง [Hemorrhoids]
    หัวเรื่อง [ริดสีดวงทวารหนัก]

BibComment


ยังไม่เคยถูกคอมเมนท์

คอมเมนท์ทรัพยากรรายการนี้
  คอมเมนท์: ริดสีดวงทวารหนัก ..


 Copyright 2026. Bcnsprnw @Library